000 00600nam a2200169 i 4500
001 128773
003 ES-MaACL
005 20230906193346.0
007 t|
008 070524s1936 sp ||||1| spa d
100 1 _aTawney, Richard Henry.
_9109427
245 1 3 _aLa religión en el orto del capitalismo
_b: (Religion and the vise of capitalisme). Un estudio histórico /
_cRichard Henry Tawney ; traducción del inglés por Jaime Menéndez.
260 _aMadrid :
_bRevista de Derecho Privado,
_c1936.
300 _a517 p. ;
_c24 cm.
700 1 _aMenéndez.
_980281
852 _aES-MaACL
_jF-15434
999 _c128773
_d128773